Architektonické riešenie vnútorných a vonkajších priestorov staníc rýchlodráhy v podmienkach Bratislavy : Kandidátska dizertačná práca /

Gespeichert in:
Bibliographische Detailangaben
1. Verfasser: Hýbalová, Jana (Verfasst von)
Weitere Verfasser: Havaš, Peter, 1935- (Betreuung Doktorarbeit)
Format: Manuskript Buch
Sprache:Slowakisch
Veröffentlicht: Bratislava : Slovenská technická univerzita, Fakulta architektúry, december 1992
Schlagworte:
Tags: Tag hinzufügen
Keine Tags, Fügen Sie das erste Tag hinzu!

MARC

LEADER 00000ntm a22000003a 4500
001 0115813
003 SK-STU
005 20250606082810.0
007 ta
008 250606s2025----xo-----f-mn---000-0-slo-d
040 |a STU  |b slo 
041 0 |a slo 
044 |a xo  |c SK 
100 1 |a Hýbalová, Jana  |4 aut 
245 1 0 |a Architektonické riešenie vnútorných a vonkajších priestorov staníc rýchlodráhy v podmienkach Bratislavy :  |b Kandidátska dizertačná práca /  |c aut. Jana Hýbalová ; škol. Peter Havaš 
260 |a Bratislava :  |b Slovenská technická univerzita, Fakulta architektúry,  |c december 1992 
300 |a 69 s. 
650 0 7 |a doprava a mesto 
650 0 7 |a Bratislava 
650 0 7 |a metro 
650 0 7 |a podzemná architektúra 
650 0 7 |a rýchlodráha 
650 0 7 |a interiér 
650 0 7 |a exteriér 
650 0 7 |a stanice rýchlodráhy 
650 0 7 |a Bratislava - Petržalka 
700 1 |a Havaš, Peter,  |d 1935-  |4 ths  |X 496  |7 A000000496 
996 |b 284AU10408  |c A* 295/V  |l AAKNST  |s P  |a 0  |w 0115813_0001